|
|
|
|
| LEADER |
02644nem a22005292a 4500 |
| 001 |
mzk03001051850 |
| 003 |
CZ BrMZK |
| 005 |
20110110094209.0 |
| 007 |
aj|ca||| |
| 008 |
070627q17011725gw ij|||||a|||r|0|||latod |
| 034 |
1 |
|
|a a
|b 2000000
|d E0055600
|e E0161200
|f N0492900
|g N0415400
|
| 040 |
|
|
|a BOA001
|b cze
|
| 043 |
|
|
|a e-it---
|a e-sz---
|b e-xv---
|a e-ci---
|a e-gx---
|2 czenas
|
| 072 |
|
7 |
|a 912:904
|x Staré mapy
|2 Konspekt
|9 7
|
| 080 |
|
|
|a (084.3)
|2 MRF
|
| 080 |
|
|
|a (430-13)
|2 MRF
|
| 080 |
|
|
|a (450)
|2 MRF
|
| 080 |
|
|
|a (494)
|2 MRF
|
| 080 |
|
|
|a (497.4)
|2 MRF
|
| 080 |
|
|
|a (497.5)
|2 MRF
|
| 080 |
|
|
|a 912.43:069.5
|2 MRF
|
| 100 |
1 |
|
|a Homann, Johann Baptist,
|d 1663-1724
|7 mzk2006356133
|4 aut
|
| 245 |
1 |
0 |
|a Danubii Fluminis [à fontibus prope Doneschingam usq; Posonium urbem designati] Pars Superior
|h [kartografický dokument] :
|b in qua Suevia, Bavaria, Austria, Stiria, Carinthia, Carniola, Tyrolis et Helvetia cum magna parte Italiae /
|c exhibentur à Ioh. Bapt. Homanno S.C.M. Geographo Norimbergae
|
| 255 |
|
|
|a Měřítko [ca 1:2 000 000]. 5,6 cm = 15 Milliaria Germanica Communia = 60 Milliaria Italica sive Geometrica = 12 Milliaria Hungarica Communia = 20 Milliaria Gallica quae et Horae itineris
|c (005°56´00" v.d.--016°12´00" v.d./049°29´00" s.š.--041°54´00" s.š.)
|
| 260 |
|
|
|a Norimbergae :
|b exhibentur à Ioh. Bapt. Homanno,
|c [mezi 1701 a 1725]
|
| 300 |
|
|
|a 1 mapa :
|b mědirytina, ručně kolorovaná ;
|c 47 x 55 cm na listu 57 x 65,5 cm
|
| 500 |
|
|
|a Mapa horního Dunaje, střední a dolní tok viz Moll-0003.135,2 a Moll-0003.135,3. Vischerovy a Schenckova předlohy viz Moll-0003.134,1 až Moll-0003.134,3.
|
| 500 |
|
|
|a Výzdoba: V pravém dolním rohu měřítka a směrová ružice, v mapovém rámci geografické souřadnice, nad rámcem název
|
| 510 |
3 |
|
|a IKAR
|
| 510 |
4 |
|
|a Kuchař, K. Mapová sbírka B.P. Molla,
|c s. 312
|
| 655 |
|
7 |
|a historické mapy
|7 fd186723
|2 czenas
|
| 650 |
0 |
4 |
|a Mollova mapová sbírka
|
| 650 |
0 |
7 |
|a mapové sbírky
|z Česko
|7 ph182407
|2 czenas
|
| 610 |
2 |
7 |
|a Moravská zemská knihovna (Brno, Česko).
|b Mapová sbírka B.P. Molla
|7 mzk2005304487
|2 czenas
|
| 651 |
|
7 |
|a Itálie
|7 ge129398
|2 czenas
|
| 651 |
|
7 |
|a Slovinsko
|7 ge130856
|2 czenas
|
| 651 |
|
7 |
|a Chorvatsko
|7 ge128941
|2 czenas
|
| 651 |
|
7 |
|a Švýcarsko
|7 ge131576
|2 czenas
|
| 651 |
|
7 |
|a Německo jižní
|7 ge130273
|2 czenas
|
| 856 |
4 |
1 |
|u http://mapy.mzk.cz/mzk03/001/051/850/2619316316
|y Digitalizovaný dokument
|
| 903 |
|
|
|a RP
|
| 910 |
|
|
|a BOA001
|b Moll-0003.135,1
|
| 978 |
|
|
|b Homann, Johann Baptista
|a Nürnberg
|c 1701-1725
|
| 984 |
|
|
|a Norimberk
|b Německo
|
| 985 |
|
|
|a 1701-1750
|
| 990 |
|
|
|a MP
|
| 991 |
|
|
|k mzk
|